000 00845nam a2200265Ia 4500
003 OSt
005 20220930185024.0
006 a|||||r|||| 00| 0
007 ta
008 220926b |||||||| |||| 00| 0 eng d
020 _a9780826485588 (hbk)
_c6437.64
024 _a1275
037 _b219, 19/01/2009, Bhagwati Book Seller
_cTextbook
040 _aCRL
_cCRL
_beng
041 _2eng
_aeng
082 _aO111:gN, P7
100 _aChilds Peter
245 0 _aModernism and the post colonial
_b Literature and empire 1885-1930
260 _aLondon
_bContinuum International Pub. Group UK
_c2007
300 _a152p.
_ccm.
490 _aContinuum literary studies series
650 _aENGLISH LITERATURE
942 _hO111:gN, P7
_cTB
_2CC
999 _c889473
_d889473